000 00495nam a2200193 a 4500
001 1757826843221
003 YourLibrary
005 20250915121514.0
008 250914s1960##################000#0#eng##
020 _a9780691097749
082 0 4 _a150.1954
_bJUN
100 1 _aJung, Carl Gustav,
_eauthor.
245 1 0 _aThe Structure and Dynamics of the Psyche :
260 _c1960.
300 _a618 pages
650 0 _aAlchemy.
942 _cENGLISH
040 _aYourLibrary
_beng
_cYourLibrary
999 _c587106
_d587106